000 00479cam a22001934a 4500
005 20250605163516.0
008 250528s ||||||||||||||||||||||||d
035 _a20765
020 _a9607019482
040 _aGR-AtMCL
_bgre
_dGR-AtMCL
_eAACR2
245 1 _aΓΝΩΣΤΙΚΗ ΑΝΑΠΤΥΞΗ
250 _a3
260 _bΕλληνικά Γράμματα,
_c1995
300 _a181
700 1 _aΛουρια Α.Ρ
942 _cBK
999 _c5848
_d5848